[Event "EGY-chT"]
[Site "Egypt"]
[Date "2016.05.07"]
[Round "3.6"]
[White "Rahman, Yehya"]
[Black "Fatehy, Hazem"]
[Result "1-0"]
[WhiteElo "2158"]
[BlackElo "1888"]
[PlyCount "35"]
[EventDate "2016.05.05"]
[EventType "team-tourn"]
[EventRounds "9"]
[EventCountry "EGY"]
[SourceTitle "CBM 172 Extra"]
[Source "ChessBase"]
[SourceDate "2016.06.21"]
[SourceVersion "1"]
[SourceVersionDate "2016.06.21"]
[SourceQuality "1"]
[WhiteTeam "El Rwad"]
[BlackTeam "Abo Simbel"]
[WhiteTeamCountry "EGY"]
[BlackTeamCountry "EGY"]

1. d4 Nf6 2. Bg5 Ne4 3. h4 c5 4. dxc5 Qa5+ 5. Nd2 Na6 6. c3 Nxg5 7. hxg5 Qxc5 8. g6 fxg6 9. e3 d5 10. Bd3 Bf5 11. Qa4+ Kf7 12. e4 Bc8 13. Ngf3 e6 14. exd5 exd5 15. 0-0-0 Qc7 16. Ng5+ Kg8 17. Bxg6 Nc5 18. Qe8 1-0